[Event "Chateauroux op"]
[Site "Chateauroux"]
[Date "2009.10.28"]
[Round "1"]
[White "Letemple, Frederic"]
[Black "Malczyk, Barbara"]
[Result "1-0"]
[WhiteElo "2001"]
[BlackElo "1596"]
[PlyCount "53"]
[EventDate "2009.10.28"]
[EventType "swiss"]
[EventRounds "7"]
[EventCountry "FRA"]
[SourceTitle "EXT 2011"]
[Source "ChessBase"]
[SourceDate "2010.11.26"]
[SourceVersion "1"]
[SourceVersionDate "2010.11.26"]
[SourceQuality "1"]

1. c4 c5 2. Nc3 Nf6 3. Nf3 Nc6 4. d4 cxd4 5. Nxd4 e6 6. a3 a5 7. e4 Bc5 8. Ndb5 0-0 9. Bg5 h6 10. Bh4 Be7 11. Bg3 e5 12. Bd3 d6 13. 0-0 Qb6 14. Na4 Qd8 15. Be2 Na7 16. Nxa7 Rxa7 17. f3 Bd7 18. Nc3 Qb8 19. Bf2 Ra6 20. Bd3 Ne8 21. Nd5 Bd8 22. b4 axb4 23. axb4 Rxa1 24. Qxa1 Nc7 25. Ba7 Qa8 26. Nb6 Qxa7 27. Qxa7 1-0